Daily Capital City Riddle #122 - Statistics

General Stats
  • This quiz has been taken 36 times
  • The average score is 26 of 33
Answer Stats
Type Answer % Correct
Found Letter A
100%
Alphabet Letter N
100%
Alphabet Letter O
100%
Found Letter I
97%
Alphabet Letter S
97%
Alphabet Letter T
97%
Alphabet Letter D
94%
Alphabet Letter E
94%
Found Letter L
94%
Alphabet Letter C
90%
Alphabet Letter M
90%
Alphabet Letter R
90%
Alphabet Letter B
87%
Alphabet Letter H
87%
Correctly Placed Letter A
84%
Found Letter G
84%
Alphabet Letter U
84%
Correctly Placed Letter I
77%
Alphabet Letter P
77%
Alphabet Letter W
77%
Found Letter K
74%
Correctly Placed Letter G
68%
Alphabet Letter J
68%
Alphabet Letter V
65%
Alphabet Letter Y
65%
Alphabet Letter Z
61%
Alphabet Letter F
58%
Correctly Placed Letter L
58%
Correctly Placed Letter I
55%
Correctly Placed Letter K
55%
Mystery Capital Kigali
52%
Alphabet Letter Q
52%
Alphabet Letter X
52%
No matching quizzes found
Score Distribution
Percent of People with Each Score
Percentile by Number Answered
Your Score History
You have not taken this quiz